书目信息 |
| 题名: |
特殊群体权益保护案例
|
|
| 作者: | 兰花 主编 ;吴蕾 , 汪华 本册主编 | |
| 分册: | ||
| 出版信息: | 太原 山西教育出版社 2004.08 |
|
| 页数: | 485页 | |
| 开本: | 21cm | |
| 丛书名: | 百姓法律通丛书 | |
| 单 册: | ||
| 中图分类: | D923.15 | |
| 科图分类: | ||
| 主题词: | 人身权--ren shen quan--案例--分析--中国 | |
| 电子资源: | ||
| ISBN: | 7-5440-2752-X | |
| 000 | 01002nam 2200265 450 | |
| 001 | 012006370018 | |
| 005 | 20060407082731.31 | |
| 010 | @a7-5440-2752-X@dCNY25.00 | |
| 100 | @a20060407d2004 km y0chiy0120 ea | |
| 101 | 0 | @achi |
| 102 | @aCN@b140000 | |
| 105 | @ay z 000yy | |
| 200 | 1 | @a特殊群体权益保护案例@Ate shu qun ti quan yi bao hu an li@f兰花主编@Flan hua zhu bian@g吴蕾, 汪华本册主编@Gwu lei,wang hua ben ce zhu bian |
| 210 | @a太原@c山西教育出版社@d2004.08 | |
| 215 | @a485页@d21cm | |
| 225 | 2 | @a百姓法律通丛书@Abai xing fa lu tong cong shu |
| 330 | @a本书着眼于儿童、妇女、老年人等弱势群体的权利保护,从民法、刑法、行政法的角度选择案例,结合最新法律法规对这一特殊群体的权益保护进行解析。 | |
| 410 | 0 | @12001 @a百姓法律通丛书 |
| 606 | 0 | @a人身权@Aren shen quan@x案例@x分析@y中国 |
| 690 | @aD923.15@v4 | |
| 701 | 0 | @a兰花@Alan hua@4主编 |
| 702 | 0 | @a吴蕾@Awu lei@4本册主编 |
| 702 | 0 | @a汪华@Awang hua@4本册主编 |
| 801 | 0 | @aCN@bQSSK@c20060407 |
| 905 | @a10447@dD923.15@eL036 | |
| 特殊群体权益保护案例/兰花主编/吴蕾, 汪华本册主编.-太原:山西教育出版社,2004.08 |
| 485页;21cm.-(百姓法律通丛书) |
| ISBN 7-5440-2752-X:CNY25.00 |
| 本书着眼于儿童、妇女、老年人等弱势群体的权利保护,从民法、刑法、行政法的角度选择案例,结合最新法律法规对这一特殊群体的权益保护进行解析。 |
| ● |
| 相关链接 |
|
|
|
正题名:特殊群体权益保护案例
索取号:D923.15/L036
 
预约/预借
| 序号 | 登录号 | 条形码 | 馆藏地/架位号 | 状态 | 备注 |
| 1 | 557486 | 205574868 | 社科库509/509社科库 92排1列3层/ [索取号:D923.15/L036] | 在馆 | |
| 2 | 557487 | 205574877 | 社科库509/509社科库 92排1列3层/ [索取号:D923.15/L036] | 在馆 |